LEADER 01326nam a2200277 i 4500 001 000000107040 003 CaOOAMICUS 005 20101130000000.0 008 101130s1952 it u000 u ita u 013 $a79253 040 $aSeMil$bita 100 1 $aAubert, Roger,$d<1914-2009>.$0(OLS)http://semarc/name/441 240 03$aIl Paesaggio Italiano.$0(OLS)http://semarc/title/155204 245 10$aProblèmes de l'unité chrétienne :$binitiation /$cRoger Aubert ; préface de Lambert Beauduin. 250 $aNouvelle éd. révue et mise au jour. 260 $aChevetogne (Belgique) :$bÉditions de Chevetogne,$c1952. 300 $a185 p. ;$c18 cm. 490 0 $aLivre de vie : les meilleurs livres de vie chrétienne ;$v11 650 4$aEcumenismo.$0(OLS)http://semarc/subject/3071 700 1 $aBeauduin, Lambert,$c.$0(OLS)http://semarc/name/2153 830 0$aLivre de vie : les meilleurs livres de vie chrétienne ;$v11.$0(OLS)http://semarc/title/26941 850 $aSeMil 852 $aSeMil$W1$xVenegono$y1$m2K I 114$j63137$B63137$CSeMilBibl$Z2$F158307 $81 961 $aOmaggio: Paleari don Marco 996 $6245$aProblèmes de l'unité chrétienne :$binitiation$9(OLS)http://semarc/title/155205 996 $6260$aChevetogne (Belgique) :$bÉditions de Chevetogne$9(OLS)http://semarc/publisher/35617 LEADER 00847nam a2200217 i 4500 001 000000073798 003 CaOOAMICUS 005 20260325151650.0 008 000619n it u000 u lat u 013 $a44970 040 $aSeMil$bita 100 1 $aFacciolati, Jacopo,$d<1682-1769>.$0(OLS)http://semarc/name/1077 245 10$aTom. 1. 300 $aLXXVII, 932 p. 700 1 $aFurlanetto, Giuseppe,$d<1775-1848>.$0(OLS)http://semarc/name/630 700 1 $aForcellini, Egidio,$d<1688-1768>.$0(OLS)http://semarc/name/627 773 0 $aFacciolati, Jacopo <1682-1769>$tLexicon totius latinitatis.$dPatavii : Typis Seminarii, 1864-1890.$w()1226 850 $aSeMil 852 $aSeMil$W1$xVenegono$y1$m1X VII 7 FA$j269026$B39950$CSeMilBibl$Z2$F39954 $8I 996 $6245$aTom. 1$9(OLS)http://semarc/title/62204